<?xml version="1.0" encoding="UTF-8"?>
<record
    xmlns:xsi="http://www.w3.org/2001/XMLSchema-instance"
    xsi:schemaLocation="http://www.loc.gov/MARC21/slim http://www.loc.gov/standards/marcxml/schema/MARC21slim.xsd"
    xmlns="http://www.loc.gov/MARC21/slim">

  <leader>05028nam a22005897a 4500</leader>
  <controlfield tag="001">113633</controlfield>
  <controlfield tag="003">DR-UNIBE</controlfield>
  <controlfield tag="005">20251022062602.0</controlfield>
  <controlfield tag="008">250515b2024    sp ||||| |||| 00| 0 spa d</controlfield>
  <datafield tag="020" ind1=" " ind2=" ">
    <subfield code="a">9788427732148</subfield>
  </datafield>
  <datafield tag="040" ind1=" " ind2=" ">
    <subfield code="a">BIBLIOTECA UNIBE</subfield>
    <subfield code="c">BIBLIOTECA UNIBE</subfield>
    <subfield code="e">rda</subfield>
  </datafield>
  <datafield tag="041" ind1=" " ind2=" ">
    <subfield code="a">spa</subfield>
  </datafield>
  <datafield tag="082" ind1=" " ind2=" ">
    <subfield code="a">370.11 E24</subfield>
  </datafield>
  <datafield tag="245" ind1="1" ind2="0">
    <subfield code="a">Aspectos cruciales de la innovaci&#xF3;n educativa /</subfield>
    <subfield code="c">Jos&#xE9; Enrique Anguita Osuma [y otros veinticinco]</subfield>
  </datafield>
  <datafield tag="260" ind1=" " ind2=" ">
    <subfield code="a">Madrid :  </subfield>
    <subfield code="b">Narcea,</subfield>
    <subfield code="c">2024</subfield>
  </datafield>
  <datafield tag="300" ind1=" " ind2=" ">
    <subfield code="a">218 p&#xE1;ginas</subfield>
  </datafield>
  <datafield tag="490" ind1=" " ind2=" ">
    <subfield code="a">Colecci&#xF3;n nuevas aportaciones</subfield>
  </datafield>
  <datafield tag="505" ind1=" " ind2=" ">
    <subfield code="a">1. Innovaci&#xF3;n educativa e investigaci&#xF3;n a partir de la LOSU desde una perspectiva pr&#xE1;ctica y centr&#xE1;ndose en la URJC de Madrid |
2. Modelo pr&#xE1;ctico de implementaci&#xF3;n de la sostenibilidad en el contexto educativo dominicano |
3. El cine como herramienta para trabajar el apego emocional en educaci&#xF3;n primaria |
4. La introspecci&#xF3;n en educaci&#xF3;n. El impacto de la introspecci&#xF3;n en el bienestar psicol&#xF3;gico de estudiantes universitarios. *
5. Desarrollo y validaci&#xF3;n de IFAEU, instrumento para analizar la elecci&#xF3;n universitaria en M&#xE9;xico. *
6. Propuesta interdisciplinar para la ense&#xF1;anza del valor de la corresponsabilidad. Integraci&#xF3;n de m&#xFA;sica y valores en una propuesta did&#xE1;ctica. *
7. Integraci&#xF3;n real y propuesta pr&#xE1;ctica de implementaci&#xF3;n ABP-STEAM en el ecosistema de Do&#xF1;ana |
8. La teor&#xED;a de las inteligencias m&#xFA;ltiples y la ense&#xF1;anza de las matem&#xE1;ticas mediante el juego |
9. Estrategias para fomentar el aprendizaje y el sentido de pertenencia a la clase. *
10. El uso de narrativas digitales para la ense&#xF1;anza de las ciencias |
11. An&#xE1;lisis del discurso antirracista en el contexto educativo brasile&#xF1;o |
12. Modelo de evaluaci&#xF3;n como herramienta de aprendizaje |
</subfield>
  </datafield>
  <datafield tag="520" ind1="3" ind2=" ">
    <subfield code="a">El libro se presenta como una herramienta fundamental para la transformaci&#xF3;n educativa, combinando la solidez acad&#xE9;mica con la practicidad necesaria para su implementaci&#xF3;n en contextos educativos reales. Hoy en d&#xED;a, los maestros y educadores necesitan una formaci&#xF3;n inicial y continua de alto nivel para desarrollar competencias pedag&#xF3;gicas y tecnol&#xF3;gicas, actualizar conocimientos, aplicar t&#xE9;cnicas de motivaci&#xF3;n y gesti&#xF3;n emocional, gestionar la diversidad en las aulas, dominar la estructura de los sistemas educativos y los recursos, entre otras competencias.

En este manual se recogen investigaciones innovadoras en distintos &#xE1;mbitos educativos, con un enfoque multidisciplinar e internacional. Abarca did&#xE1;cticas de matem&#xE1;ticas, ciencias experimentales, ciencias sociales, humanidades y artes; pone de manifiestos c&#xF3;mo se puede innovar en la ense&#xF1;anza de estas disciplinas para formar ciudadanos preparados para el futuro.

Este enfoque global, facilitado por la Red Iberoamericana de Formaci&#xF3;n del Profesorado (REDIAP), lo convierte en un recurso valioso para la formaci&#xF3;n continua y el desarrollo profesional docente en el contexto globalizado actual.

La obra representa una contribuci&#xF3;n significativa al campo de la innovaci&#xF3;n educativa, proporcionando no solo un marco te&#xF3;rico s&#xF3;lido, sino tambi&#xE9;n herramientas pr&#xE1;cticas para la mejora de la calidad educativa en diferentes contextos y niveles de ense&#xF1;anza.
</subfield>
  </datafield>
  <datafield tag="650" ind1=" " ind2="7">
    <subfield code="2">lemb</subfield>
    <subfield code="a">Ense&#xF1;anza</subfield>
  </datafield>
  <datafield tag="650" ind1=" " ind2="7">
    <subfield code="2">lemb</subfield>
    <subfield code="a">Innovaciones educativas</subfield>
  </datafield>
  <datafield tag="650" ind1=" " ind2="7">
    <subfield code="2">lemb</subfield>
    <subfield code="a">Docencia</subfield>
    <subfield code="9">97841</subfield>
  </datafield>
  <datafield tag="700" ind1=" " ind2=" ">
    <subfield code="a"> Arroyo Mart&#xED;nez,  Laura</subfield>
    <subfield code="e">editor</subfield>
    <subfield code="9">195456</subfield>
  </datafield>
  <datafield tag="700" ind1=" " ind2=" ">
    <subfield code="a">Fern&#xE1;ndez de Castro de Le&#xF3;n,  Javier </subfield>
    <subfield code="e">editor</subfield>
    <subfield code="9">195457</subfield>
  </datafield>
  <datafield tag="700" ind1="1" ind2=" ">
    <subfield code="a">Anguita Osuna, Jos&#xE9; Enrique </subfield>
    <subfield code="e">autor</subfield>
    <subfield code="9">195459</subfield>
  </datafield>
  <datafield tag="700" ind1="1" ind2=" ">
    <subfield code="a">A&#xF1;a&#xF1;os Bedri&#xF1;ana, Karen Giovanna </subfield>
    <subfield code="e">autor</subfield>
    <subfield code="9">195460</subfield>
  </datafield>
  <datafield tag="700" ind1="1" ind2=" ">
    <subfield code="a">Arsuaga Ferreras, Jes&#xFA;s Mar&#xED;a </subfield>
    <subfield code="e">autor</subfield>
    <subfield code="9">195461</subfield>
  </datafield>
  <datafield tag="700" ind1="1" ind2=" ">
    <subfield code="a">Bertot Triana, Harold </subfield>
    <subfield code="e">autor</subfield>
    <subfield code="9">195462</subfield>
  </datafield>
  <datafield tag="700" ind1="1" ind2=" ">
    <subfield code="a">Brunet, Mar&#xED;a Alejandra </subfield>
    <subfield code="e">autor</subfield>
    <subfield code="9">195463</subfield>
  </datafield>
  <datafield tag="700" ind1="1" ind2=" ">
    <subfield code="a">Cabanillas Gordillo, Carmen </subfield>
    <subfield code="e">autor</subfield>
    <subfield code="9">195464</subfield>
  </datafield>
  <datafield tag="700" ind1="1" ind2=" ">
    <subfield code="a">Cach&#xE1;n Ferrer, Mar&#xED;a Obdulia </subfield>
    <subfield code="e">autor</subfield>
    <subfield code="9">195465</subfield>
  </datafield>
  <datafield tag="700" ind1="1" ind2=" ">
    <subfield code="a">Catal&#xE1; Mes&#xF3;n, Patricia </subfield>
    <subfield code="e">autor</subfield>
    <subfield code="9">195466</subfield>
  </datafield>
  <datafield tag="700" ind1="1" ind2=" ">
    <subfield code="a">Chavarr&#xED;a P&#xE9;rez, Cristina </subfield>
    <subfield code="e">autor</subfield>
    <subfield code="9">195467</subfield>
  </datafield>
  <datafield tag="700" ind1="1" ind2=" ">
    <subfield code="a">Colonhesi Berenguel, Ligia </subfield>
    <subfield code="e">autor</subfield>
    <subfield code="9">195468</subfield>
  </datafield>
  <datafield tag="700" ind1=" " ind2=" ">
    <subfield code="a">D&#xED;az Barrado, C&#xE1;stor Miguel</subfield>
    <subfield code="e">autor</subfield>
    <subfield code="9">195469</subfield>
  </datafield>
  <datafield tag="700" ind1="1" ind2=" ">
    <subfield code="a">D&#xED;az-Gal&#xE1;n, Elena C. </subfield>
    <subfield code="e">autor</subfield>
    <subfield code="9">195470</subfield>
  </datafield>
  <datafield tag="700" ind1="1" ind2=" ">
    <subfield code="a">Fern&#xE1;ndez-Ulloa, Teresa </subfield>
    <subfield code="e">autor</subfield>
    <subfield code="9">195471</subfield>
  </datafield>
  <datafield tag="700" ind1="1" ind2=" ">
    <subfield code="a">Gago Mart&#xED;n, Claudia </subfield>
    <subfield code="e">autor</subfield>
    <subfield code="9">195472</subfield>
  </datafield>
  <datafield tag="700" ind1="1" ind2=" ">
    <subfield code="a">Ghiuro Passarelli, Lilian Mar&#xED;a </subfield>
    <subfield code="e">autor</subfield>
    <subfield code="9">195473</subfield>
  </datafield>
  <datafield tag="700" ind1="1" ind2=" ">
    <subfield code="a">Guti&#xE9;rrez Hermoso, Lorena </subfield>
    <subfield code="e">autor</subfield>
    <subfield code="9">195474</subfield>
  </datafield>
  <datafield tag="700" ind1="1" ind2=" ">
    <subfield code="a">Herv&#xE1;s Escobar, Ar&#xE1;nzazu </subfield>
    <subfield code="e">autor</subfield>
    <subfield code="9">195475</subfield>
  </datafield>
  <datafield tag="700" ind1="1" ind2=" ">
    <subfield code="a">Marquesi, Sueli Cristina </subfield>
    <subfield code="e">autor</subfield>
    <subfield code="9">195476</subfield>
  </datafield>
  <datafield tag="700" ind1="1" ind2=" ">
    <subfield code="a">Mel&#xF3;n Jim&#xE9;nez, Pablo </subfield>
    <subfield code="e">autor</subfield>
    <subfield code="9">195477</subfield>
  </datafield>
  <datafield tag="700" ind1="1" ind2=" ">
    <subfield code="a">Pe&#xF1;acoba Puente, Cecilia </subfield>
    <subfield code="e">autor</subfield>
    <subfield code="9">195478</subfield>
  </datafield>
  <datafield tag="700" ind1="1" ind2=" ">
    <subfield code="a">Portol&#xE9;s Reboul, Miguel </subfield>
    <subfield code="e">autor</subfield>
    <subfield code="9">195479</subfield>
  </datafield>
  <datafield tag="700" ind1="1" ind2=" ">
    <subfield code="a">Ruiz Sim&#xF3;n, Esther </subfield>
    <subfield code="e">autor</subfield>
    <subfield code="9">195480</subfield>
  </datafield>
  <datafield tag="700" ind1="1" ind2=" ">
    <subfield code="a">Santaella Vallejo, Almudena </subfield>
    <subfield code="e">autor</subfield>
    <subfield code="9">195481</subfield>
  </datafield>
  <datafield tag="700" ind1="1" ind2=" ">
    <subfield code="a">Soares Aguiar, Andr&#xE9;a Pisan </subfield>
    <subfield code="e">autor</subfield>
    <subfield code="9">195482</subfield>
  </datafield>
  <datafield tag="700" ind1="1" ind2=" ">
    <subfield code="a">Soares Rodrigues, Maria das Gra&#xE7;as </subfield>
    <subfield code="e">autor</subfield>
    <subfield code="9">195483</subfield>
  </datafield>
  <datafield tag="700" ind1="1" ind2=" ">
    <subfield code="a">Soto D&#xED;az, Arcadio </subfield>
    <subfield code="e">autor</subfield>
    <subfield code="9">195484</subfield>
  </datafield>
  <datafield tag="942" ind1=" " ind2=" ">
    <subfield code="2">ddc</subfield>
    <subfield code="c">BK</subfield>
  </datafield>
  <datafield tag="999" ind1=" " ind2=" ">
    <subfield code="c">113635</subfield>
    <subfield code="d">113635</subfield>
  </datafield>
  <datafield tag="952" ind1=" " ind2=" ">
    <subfield code="0">0</subfield>
    <subfield code="1">0</subfield>
    <subfield code="2">ddc</subfield>
    <subfield code="7">0</subfield>
    <subfield code="8">GEN</subfield>
    <subfield code="a">Principal</subfield>
    <subfield code="d">2025-05-15</subfield>
    <subfield code="l">1</subfield>
    <subfield code="o">370.11 E24 </subfield>
    <subfield code="p">250598</subfield>
    <subfield code="r">2025-05-21 09:12:53</subfield>
    <subfield code="s">2025-05-21</subfield>
    <subfield code="t">Ej. 1</subfield>
    <subfield code="w">2025-05-15</subfield>
    <subfield code="y">BK</subfield>
  </datafield>
</record>
